000 00272nam a22001217a 4500
008 170419b xxu||||| |||| 00| 0 eng d
041 _aeng
080 _a573
100 _a11
101 _aSHM
245 _aHAQNDBOOK BIOLOGICAL CONTROL
_cBELLOWS.TH.
942 _2udc
_cBK
999 _c11250
_d11250